FIFA World Cup Cities - Sudden Death - Statistics

General Stats
  • This quiz has been taken 131 times
  • The average score is 8 of 42
Answers on the Grid
Answers color-coded by a green-red scale on the quiz's grid according to % correct below.
Montevideo
Milan
Rome
Turin
Naples
Venice
Nice
Rennes
Paris
Marseille
Lyon
Bordeaux
Rio de Janeiro
Brasilia
São Paulo
Manaus
Basel
Zurich
Lucerne
Gothenburg
Malmö
Santiago
London
Liverpool
Manchester
Birmingham
Leeds
Glasgow
Bristol
Mexico City
Guadalajara
Munich
Hamburg
Dortmund
Essen
Buenos Aires
Córdoba
Santa Fe
Madrid
Barcelona
Seville
Murcia
Chicago
Dallas
Seattle
Philadelphia
Seoul
Yokohama
Tokyo
Johannesburg
Cape Town
Durban
Moscow
Saint Petersburg
Novosibirsk
Lusail
Bogotà
Caracas
Cairo
Kinshasa
Sydney
Auckland
Jakarta
Beijing
New Delhi
Teheran
Istanbul
Manila
Lisbon
Dublin
Amsterdam
Bruxelles
Warsaw
Prague
Athens
Bucarest
Vienna
Budapest
Sofia
Belgrade
 
Answer Stats
Answer % Correct
Barcelona
33%
Paris
33%
Rome
32%
São Paulo
32%
Seoul
32%
London
30%
Mexico City
30%
Munich
30%
Dortmund
28%
Moscow
28%
Saint Petersburg
28%
Buenos Aires
26%
Madrid
26%
Milan
25%
Naples
25%
Johannesburg
23%
Rio de Janeiro
23%
Hamburg
21%
Montevideo
21%
Santiago
21%
Manchester
19%
Liverpool
18%
Yokohama
18%
Cape Town
14%
Guadalajara
14%
Marseille
14%
Brasilia
12%
Seville
12%
Bordeaux
11%
Birmingham
9%
Chicago
9%
Durban
9%
Lusail
9%
Lyon
9%
Malmö
9%
Turin
9%
Gothenburg
7%
Zurich
7%
Basel
5%
Manaus
5%
Córdoba
4%
Dallas
4%
No matching quizzes found
Score Distribution
Percent of People with Each Score
Percentile by Number Answered
Your Score History
You have not taken this quiz